Mostra de ceràmica decorada dels segles XIII al XVII descoberta a Esparreguera / Josep Puig i Jorba
Descripción Física:
30 p. : il. ; 21 x 30 cm
MARC
| LEADER | 00000nam a2200000Ia 4500 | ||
|---|---|---|---|
| 001 | 16821 | ||
| 003 | BGR | ||
| 005 | 20260324175300.0 | ||
| 008 | 160829s1995 xx 000 0 cat d | ||
| 080 | |a FU-46-3 | ||
| 100 | |a Puig i Jorba, Josep |9 24773 | ||
| 245 | |a Mostra de ceràmica decorada dels segles XIII al XVII descoberta a Esparreguera / Josep Puig i Jorba | ||
| 260 | |a Esparreguera : |b Agrupació Veterans Soldats Catalans a Melilla, |c 1995 | ||
| 300 | |a 30 p. : |b il. ; |c 21 x 30 cm | ||
| 590 | |a Bibliografia. | ||
| 590 | |a Obra possible gràcies a: Generalitat de Catalunya, Departament de Cultura; Fundació Caixa de Manresa | ||
| 650 | |a Ceràmica |x Decoració |x Esparreguera (Barcelona) |9 24774 | ||
| 650 | |a Ceràmica medieval |x Catalunya |9 30637 | ||
| 710 | 2 | |a Catalunya. |b Departament de Cultura |9 52819 | |
| 710 | 2 | |a Agrupació Veterans Soldats Catalans a Melilla (Esparreguera) |9 70132 | |
| 710 | 2 | |a Fundació Caixa de Manresa |9 70133 | |
| 901 | |a Arxiu | ||
| 942 | |n 1 |2 udc |c MON | ||
| 952 | |0 0 |1 0 |4 0 |6 FU463 |7 1 |9 43312 |a Arxiu |b Arxiu |d 2016-12-01 |l 0 |o FU-46-3 |p 16821 |r 2016-12-01 00:00:00 |w 2016-12-01 |y ARXIU | ||
| 999 | |c 45857 |d 45857 | ||